• 首页
  • 本馆介绍
  • 公告通知
  • 最新文献
  • 馆藏检索
  • 电子资源
  • 读者导购
  • 参考咨询
  • 我的图书馆
  • 登录
  • 详细信息显示
  • 放入我的书架
  • 预约/预借图书
  • 作者相关作品
  • 分类相关作品
  • 丛书相关作品
  • 出版社相关作品

书目信息

  • 表格格式
  • 工作单格式
  • 卡片格式
题名:
无线电计量测试
    
 
作者: ;江苏省计量局 编
分册:  
出版信息: 北京   计量出版社  1986.6
页数: 274页
开本: 26cm
丛书名:
单 册:
中图分类: TB973
科图分类:
主题词: 电磁量--计量 , 无线电参量计量
电子资源:
ISBN:
000 00557nam0 2200193 45
001 0312221749
005 20051102154413.29
010    @dCNY3.80
100    @a20031222d1986 km y0chiy0120 ea
101    @achi
200 1  @a无线电计量测试@AWu Xian Dian Ji Liang Ce Shi@f江苏省计量局编@FJiang Su Sheng Ji Liang Ju Bian
210    @a北京@c计量出版社@d1986.6
215    @a274页@d26cm
606 0  @a电磁量@x计量
606 0  @a无线电参量计量
690    @aTB973@v3
711 0  @a江苏省计量局@4编
801    @aCN@bTSTCL@c20051102
905    @a213230@dTB973@e6@b163953-955@f3
    
    无线电计量测试/江苏省计量局编.-北京:计量出版社,1986.6
    274页;26cm
    
    
    ISBN :CNY3.80
    
●
相关链接 在E读中查询图书 在五车中查询图书 在当当中查询图书 在豆瓣中查询图书


正题名:无线电计量测试     索取号:TB973/6         预约/预借

序号 登录号 条形码 馆藏地/架位号 状态 备注
1 0163951   202134886   密集书库/ [索取号:TB973/6] 在馆    
2 0163952   202134840   密集书库/ [索取号:TB973/6] 在馆    
3 0163953   001361430   第三借阅区/ [索取号:TB973/6] 在馆    
4 0163954   001361476   密集书库/ [索取号:TB973/6] 在馆    
5 0163955   001361519   第二样本阅览室/ [索取号:TB973/6] 在馆    
唐山师范学院图书馆 欢迎您!
大连网信软件有限公司© 版权所有